50 Finnish Food Words - Statistics

General Stats
  • This quiz has been taken 1,080 times
  • The average score is 39 of 50
Answer Stats
English Finnish % Correct
Food Ruoka
94%
Apple Omena
91%
Tomato Tomaatti
91%
Chicken Kana
90%
Butter Voi
90%
Banana Banaani
89%
Bread Leipä
89%
Pizza Pitsa
88%
Sugar Sokeri
88%
Egg Kananmuna
87%
Salt Suola
87%
Pineapple Ananas
86%
Ketchup Ketsuppi
86%
Orange Appelsiini
85%
Cheese Juusto
85%
Pepper Pippuri
84%
Rice Riisi
84%
Salad Salaatti
84%
Chocolate Suklaa
83%
Onion Sipuli
82%
Hamburger Hampurilainen
81%
Spaghetti Spagetti
81%
Sausage Makkara
80%
Soup Keitto
79%
French Fries Ranskalaiset
78%
Mustard Sinappi
78%
Jam Hillo
77%
Yogurt Jogurtti
77%
Cream Kerma
77%
Bacon Pekoni
77%
Sandwich Voileipä
77%
Chili Chili
73%
Garlic Valkosipuli
73%
Olive Oliivi
72%
Corn Maissi
71%
Porridge Puuro
71%
Hot Dog Nakkisämpylä
69%
Fast Food Pikaruoka
69%
Flour Jauhot
68%
Rye Ruis
68%
Cereal Muro
67%
Nut Pähkinä
67%
Bean Papu
66%
Pea Herne
65%
Caviar Kaviaari
65%
Wheat Vehnä
65%
Oat Kaura
63%
Peanut Maapähkinä
62%
Barley Ohra
55%
Oyster Osteri
55%
No matching quizzes found
Score Distribution
Percent of People with Each Score
Percentile by Number Answered
Your Score History
You have not taken this quiz